00876naa a2200253 a 450000100080000000500110000800800410001910000200006024501050008026000090018552000890019465300170028365300190030065300250031970000190034470000170036370000160038070000150039670000160041170000190042770000200044670000210046677301350048711207892014-05-05 2014 bl uuuu u00u1 u #d1 aCARVALHO, I. Q. aEnsaio Nacional de Aveias de Cobertura 2013, An??lise Conjunta de Cultivares.h[electronic resource] c2014 aInforma????es sobre os resultados de aveia se cobertura em v??rios locais do Brasil. aAvena sativa aAvena strigosa apastagens de inverno1 aHANISCH, A. L.1 aOLIVEIRA, E.1 aROSA, J. L.1 aWAGNER, J.1 aGARRAFA, M.1 aLANGARO, N. C.1 aSILVA, V. M. P.1 aBARROS, V. L. P. tIn: REUNI??O DA COMISS??O BRASILEIRA DE PESQUISA DE AVEIA, 34., 2014, Castro, PR. Resumos... Castro: Funda????o ABC, 2014. p. 123.